Two-Way GSM Transceiver (Record no. 590011)
[ view plain ]
| 000 -LEADER | |
|---|---|
| fixed length control field | 00650nam a22002057a 4500 |
| 003 - CONTROL NUMBER IDENTIFIER | |
| control field | NUST |
| 005 - DATE AND TIME OF LATEST TRANSACTION | |
| control field | 20220702191013.0 |
| 008 - FIXED-LENGTH DATA ELEMENTS--GENERAL INFORMATION | |
| fixed length control field | 220527b ||||| |||| 00| 0 eng d |
| 038 ## - RECORD CONTENT LICENSOR | |
| Staff Name | Atta |
| 040 ## - CATALOGING SOURCE | |
| Transcribing agency | Central Library |
| 082 ## - DEWEY DECIMAL CLASSIFICATION NUMBER | |
| Classification number | 005 FAQ |
| 100 ## - MAIN ENTRY--PERSONAL NAME | |
| Personal name | Faqeed Haider Ali, Mohammad Irteza Rana,Arooj Lodhi |
| 9 (RLIN) | 91878 |
| 245 ## - TITLE STATEMENT | |
| Title | Two-Way GSM Transceiver |
| Statement of responsibility, etc. | Faqeed Haider Ali, Mohammad Irteza Rana,Arooj Lodhi |
| 260 ## - PUBLICATION, DISTRIBUTION, ETC. | |
| Place of publication, distribution, etc. | Islamabad |
| Name of publisher, distributor, etc. | SEECS NUST |
| Date of publication, distribution, etc. | 2012 |
| 300 ## - PHYSICAL DESCRIPTION | |
| Extent | 80,pages: |
| Other physical details | HB |
| Dimensions | 25,cm |
| 563 ## - BINDING INFORMATION | |
| Binding note | HB |
| 700 ## - ADDED ENTRY--PERSONAL NAME | |
| Personal name | Supervisor:Dr.Munir Ahmad Tarar |
| 9 (RLIN) | 91879 |
| 856 ## - ELECTRONIC LOCATION AND ACCESS | |
| Uniform Resource Identifier | <a href="http://10.250.8.41:8080/xmlui/handle/123456789/10339">http://10.250.8.41:8080/xmlui/handle/123456789/10339</a> |
| 942 ## - ADDED ENTRY ELEMENTS (KOHA) | |
| Source of classification or shelving scheme | |
| Koha item type | Thesis |
| Withdrawn status | Lost status | Source of classification or shelving scheme | Damaged status | Not for loan | Permanent Location | Current Location | Date acquired | Full call number | Barcode | Date last seen | Price effective from | Koha item type |
|---|---|---|---|---|---|---|---|---|---|---|---|---|
| WITHDRAWN | Central Library (CL) | Central Library (CL) | 05/27/2022 | 005 FAQ | SEECSP01174 | 05/27/2022 | 05/27/2022 | Thesis |
